000 01552cam a2200421 i 4500
001 68843
003 Mx-PuUPA
005 20240410104304.0
008 221014s2009 mx a gr 000 0 spa d
020 _a9786074714128
020 _a9789706889423
_qde la colección los piratas de el barco de vapor
040 _aMx-PuUPA
_bspa
_cMx-PuUPA
_dMx-PuUPA
_erda
041 1 _aspa
_hfre
100 1 _910748
_aKa, Olivier,
_d1967-
_eautor
240 1 0 _aUne maman tout entière.
_lEspañol
245 1 0 _aToda una mamá /
_cOliver Ka, Luc Melanson ; traducción, María Cristina Vargas
250 _aPrimera edición
264 1 _aMéxico, D. F. :
_bSM de Ediciones,
_c2009
300 _a25 páginas sin numerar :
_bilustraciones ;
_c19 cm
336 _2rdacontent
_atexto
_btxt
336 _2rdacontent
_aimagen fija
_bsti
337 _2rdamedia
_asin medio
_bn
338 _2rdacarrier
_avolumen
_bnc
490 1 _aEl barco de vapor. Los Piratas ;
_v16 M
521 1 _aPara empezar a leer.
650 7 _2armarc
_aLiteratura francesa
650 7 _2armarc
_aAutoestima
_xLiteratura infantil
650 7 _2armarc
_aMadre e hijo
_xLiteratura infantil
700 1 _aMelanson, Luc,
_eautor
700 1 _aVargas, María Cristina,
_etraductor
765 0 8 _aKa, Olivier, 1967-
_tUne maman tout entière.
830 0 _aBarco de vapor
_pLos Piratas
_v16 M
942 _2ddc
_cLI
_h840
_iB2216
999 _c68843
_d68843